| 000 | 01293njm a22002777a 4500 | ||
|---|---|---|---|
| 005 | 2010090809169.0 | ||
| 006 | a|||||r|||||00| 0 | ||
| 007 | sd ammalaaahaa | ||
| 008 | 100830t xxu||||| |||| 00| 0 eng d | ||
| 028 |
_aN.54763 _bHis Master's Voice |
||
| 035 | _aGR-01323 | ||
| 040 |
_aSED _cSED |
||
| 100 |
_aSahu, Kishore _918698 |
||
| 245 |
_aPoonam ki raat / _cby Kishore Sahu Production; sung by Mohammad Rafi; music dtn by Salil Chowdhury; lyric by Shailendra _h[sound recording]: |
||
| 246 | _aपूनम की रात / किशोर साहू प्रोडक्शन द्वारा | ||
| 260 |
_aDum Dum, India _bHis Master 's Voice _c1965 |
||
| 300 |
_a1 sound disc [GramphoneRecording]: _banalog,33.1/3 rpm _c9.5 in.(MP) _fGramphones Records |
||
| 500 | _aBrief Record | ||
| 505 | _aSide1 दिल तड़पे तडपाये (Dil tadpe tadpaye) (Mohammad Rafi) Side-2 तुम कहाँ ले चले हो (Tum kahaan le chale ho) (Lata Mangeshkar [and] Mukesh) | ||
| 650 |
_xExperts _zIndia _917446 _aMotion picture music |
||
| 700 |
_aMohammad Rafi _918760 |
||
| 700 |
_aChowdhury, Salil _918871 |
||
| 700 |
_aShailendra _919026 |
||
| 942 |
_2ddc _cGR |
||
| 999 |
_c44614 _d44614 |
||